Géométrie descriptive. T.1 /
Le point; la droite; le plan; intersections de droites et de plans; droites et plans perpendicularies; Rabattements; changment de plan et rotation; Détermination des distancé et dé angles; le sercle...
Salvato in:
| Autore principale: | |
|---|---|
| Natura: | Libro |
| Lingua: | French |
| Pubblicazione: |
Paris :
Classiques,
1976.
|
| Soggetti: | |
| Tags: |
Aggiungi Tag
Nessun Tag, puoi essere il primo ad aggiungerne! !
|
| Thư viện lưu trữ: | Mạng thư viện Đại học Đà Nẵng |
|---|
| LEADER | 00967cam a2200325 i 4500 | ||
|---|---|---|---|
| 001 | 000044895 | ||
| 003 | 3433 | ||
| 005 | 20030227093130.0 | ||
| 008 | 010307|1976 vm 000 fre | ||
| 022 | |a T | ||
| 040 | |a IRC |c IRC |d IRC | ||
| 041 | 0 | |a fre | |
| 082 | 1 | 4 | |a 516 |b VO-M |
| 100 | 1 | |a Voilquin, M. | |
| 245 | 0 | 0 | |a Géométrie descriptive. |n T.1 / |c M. Voilquin. |
| 260 | |a Paris : |b Classiques, |c 1976. | ||
| 300 | |a 280p. ; |c 23.5cm. | ||
| 520 | 3 | |a Le point; la droite; le plan; intersections de droites et de plans; droites et plans perpendicularies; Rabattements; changment de plan et rotation; Détermination des distancé et dé angles; le sercle... | |
| 630 | 0 | 4 | |a Géométrie. |
| 650 | 0 | 4 | |a Géométrie descriptive. |
| OWN | |a DUT | ||
| 999 | |a From the UDN01 | ||
| TYP | |a Monograph | ||
| TYP | |a Printed language | ||
| 980 | |a Mạng thư viện Đại học Đà Nẵng | ||